1000 1766 1935 1315 1515 1577 1893 1507 1473 1836 1898 1023 1788 1476 1955 1188 1557 1721 1403 1659 1896 1462 1820 1622 1878 1790 1229 1685 1779 1302 1225 1687 1444 1272 1444 1765 1167 1128 1194 1280 1207 1847 1883 1454 1694 1393 1246 1701 1487 1537 1905 1270 1528 1058 1149 1795 1409 1794 1174 1952 1003 1787 1424 1941 1460 1842 1780 1436 1511 1030 1835 1017 1467 1534 1059 1509 1831 1313 1783 1166 1731 1608 1120 1819 1539 1292 1675 1616 1121 1784 1636 1244 1588 1721 1811 1614 1895 1052 1266 BCNSPRNW ULIB Ver.6.0+V

เปลี่ยนเป็นภาษาไทย

Change to English
 แสดงรายละเอียดบรรณานุกรม
  กลับหน้าหลัก

Brief Record : Get Marc (ISO 2709) : E-mail record : QR code < ปิดหน้าต่าง
LEADER : 00000nam 2200000uu 4500
001    13399121158
003     ULIB
008    020711s2550 th a 000 0 tha d
020    9749688031
050  4 LB1131^bค299ถ
100    ขวัญฤดี ลอนันต์
245    ถนัดใช้ให้ถูกข้าง : หู ตา สมอง มือ เท้า/^cขวัญฤดี และธัญญา ผลอนันต์
250    พิมพ์ครั้งที่ 1
260    กรุงเทพฯ :^bขวัญข้าว,^c2550
700 0  ธัญญา ผลอนันต์
945    ^p0^l0^i14122
999    ^aทศพร เกษรทอง
รายการนี้ยังไม่มีแท็ก
คุณยังไม่ได้ล็อกอิน คุณสามารถมีกิจกรรมร่วมกับเว็บไซต์ได้ แต่ต้องล็อกอินก่อน ::
  ล็อกอิน

รายการสื่อสารสนเทศ

ลำดับที่ ประเภท เลขเรียก/บาร์โค้ด สถานที่ สถานะ
1. วิทยาศาสตร์การแพทย์ และสุขภาพ
วิทยาศาสตร์การแพทย์ และสุขภาพ
LB1131 ค299ถ  
  Barcode: 14122
ห้องสมุดวิทยาเขตสวรรค์ประชารักษ์
►หนังสือทั่วไป
บนชั้น

BibComment


ยังไม่เคยถูกคอมเมนท์

คอมเมนท์ทรัพยากรรายการนี้
  คอมเมนท์: ถนัดใช้ให้ถูกข้าง..


 Copyright 2026. Bcnsprnw @Library